Normale Ansicht MARC-Ansicht ISBD

Iz ėtničeskoj i političeskoj istorii srednevekovoj Čerkessii (Titelsatznr. 73267)

[ MARC ]
MARC-Details
000 -Satzkennung
Kontrollfeld mit fester Länge 01528nam a2200397 c 4500
001 - Kontrollnummer
Kontrollfeld BV043411559
003 - Kontrollnummer Identifier
Kontrollfeld DE-604
005 - Datum und Zeit der letzten Transaktion
Kontrollfeld 20251127133740.0
007 - Feld mit fester Länge zur physischen Beschreibung - Allgemeine Information
Kontrollfeld mit fester Länge t|
008 - Feld mit fester Länge zur physischen Beschreibung - Allgemeine Angaben
Kontrollfeld mit fester Länge 160226s2015 xx |||| |||| 00||| rus d
020 ## - Internationale Standardbuchnummer
Internationale Standardbuchnummer 9785768027025
Verknüpfung 978-5-7680-2702-5
035 ## - Systemkontrollnummer
System-Kontrollnummer (OCoLC)951538387
035 ## - Systemkontrollnummer
System-Kontrollnummer (DE-599)BVBBV043411559
040 ## - Katalogisierungsquelle
Original-Katalogisierungsstelle DE-604
Katalogisierungssprache ger
Übertragungsstelle RU-10907106
041 0# - Sprachcode
Sprachcode des Textes/der Tonspur oder des separaten Titels rus
049 ## - Lokaler Bestand (OCLC)
Holding library DE-12
100 1# - Haupteintragung - Personenname
Personenname Kagazežev, Žiraslan Valerʹevič
Funktionsbezeichnung Verfasser
IDN des Normdatensatzes oder Standardnummer (DE-588)1079878289
Funktionsbezeichnungscode aut
Koha-Normdatenidentnummer 67775
245 10 - Titel
Titel Iz ėtničeskoj i političeskoj istorii srednevekovoj Čerkessii
Zusatz zum Titel (XIV-pervaja polovina XVII v.)
Verfasserangabe etc. Ž.V. Kagazežev
264 #1 - Produktion, Veröffentlichung, Distribution, Herstellung und Urheberrechtsvermerk
Herstellungs-, Veröffentlichungs- Vertriebs-, Erzeugungsort Nalʹčik
Produzent, Herausgeber, Distributor, Hersteller "Elʹbrus"
Datum der Herstellung, der Veröffentlichung, des Vertriebs oder des Urheberschutzvermerks 2015
264 #1 - Produktion, Veröffentlichung, Distribution, Herstellung und Urheberrechtsvermerk
Herstellungs-, Veröffentlichungs- Vertriebs-, Erzeugungsort Nalʹčik
264 #1 - Produktion, Veröffentlichung, Distribution, Herstellung und Urheberrechtsvermerk
Produzent, Herausgeber, Distributor, Hersteller Archivnaja služba Kabardino-Balkarskoj Respubliki
264 #1 - Produktion, Veröffentlichung, Distribution, Herstellung und Urheberrechtsvermerk
Datum der Herstellung, der Veröffentlichung, des Vertriebs oder des Urheberschutzvermerks 2015
300 ## - Physische Beschreibung
Umfang 459 Seiten, 16 ungezählte Seiten Karten
Andere physische Details Karten
336 ## - Inhaltstyp
Inhaltstypcode txt
Quelle rdacontent
Inhaltstypterm Text
337 ## - Medientyp
Medientypcode n
Quelle rdamedia
338 ## - Datenträgertyp
Datenträgertypcode nc
Quelle rdacarrier
546 ## - Fußnote zur Sprache
Sprache Text russisch
546 ## - Fußnote zur Sprache
Angabe des Codes oder Alphabets Kyrillische Schrift
648 #7 - Nebeneintragung unter einem Schlagwort - Zeitschlagwort
Zeitschlagwort Geschichte 1300-1650
Quelle der Ansetzung oder des Terms gnd
Koha-Normdatenidentnummer rswk-swf
650 07 - Nebeneintragung unter einem Schlagwort - Sachschlagwort
Sachschlagwort oder geografischer Name als Eintragungselement Tscherkessen
IDN des Normdatensatzes oder Standardnummer (DE-588)4061098-6
Quelle der Ansetzung oder des Terms gnd
Koha-Normdatenidentnummer rswk-swf
856 4# - Elektronische Adresse und Zugriff
Kontaktstelle für Hilfe beim Zugriff Digitalisierung BSB Muenchen 19 - ADAM Catalogue Enrichment
URL <a href="https://bvbr.bib-bvb.de:443/F?func=service&doc_library=BVB01&local_base=BVB01&doc_number=028829805&sequence=000002&line_number=0001&func_code=DB_RECORDS&service_type=MEDIA">https://bvbr.bib-bvb.de:443/F?func=service&doc_library=BVB01&local_base=BVB01&doc_number=028829805&sequence=000002&line_number=0001&func_code=DB_RECORDS&service_type=MEDIA</a>
OPAC-Notiz Inhaltsverzeichnis
940 1# - EQUIVALENCE OR CROSS-REFERENCE--UNIFORM TITLE [OBSOLETE] [CAN/MARC only]
Zählung des Teils/der Abteilung eines Werkes oe
942 11 - Zusätzliche Felder (Koha)
Koha-Medientyp Monographien
Ausgabe 22/bsb
Klassifikation oder Aufstellungssystematik Andere/Generische Klassifikation
Exemplare
Ausgeschieden Verloren Klassifikation oder Aufstellungssystematik Beschädigt Nicht entleihbar Heimatbibliothek Aufenthaltsbibliothek Erwerbungsdatum Inventarnummer Signatur Barcode Letzte Aktivität Preis gültig von Koha-Medientyp
    Andere/Generische Klassifikation     MWN Osteuropa MWS-Büro Georgien 27/11/2025 25-00083 W 10 G n Adyg 76186 27/11/2025 27/11/2025 Monographien